Pozícia slovenských podnikateľských subjektov v globálnych hodnotových reťazcoch diplomová práca

Salvato in:
Dettagli Bibliografici
Autore principale: Dunajčík, Tomáš
Ente Autore: Obchodná fakulta EU. Katedra medzinárodného obchodu
Altri autori: Kittová, Zuzana, 1975-
Natura: Libro
Lingua:slovacco
Pubblicazione: Bratislava 2016
Tags: Aggiungi Tag
Nessun Tag, puoi essere il primo ad aggiungerne!!

MARC

LEADER 00000nbm a2200000 4500
001 0216623
005 20161123144413.8
041 0 |a slo 
044 |a SK 
245 1 0 |a Pozícia slovenských podnikateľských subjektov v globálnych hodnotových reťazcoch  |b diplomová práca  |c Tomáš Dunajčík ; školiteľ: Zuzana Kittová 
264 1 |a Bratislava  |c 2016 
300 |a 70 s. 
100 1 |a Dunajčík, Tomáš 
700 1 |a Kittová, Zuzana, 1975- 
710 2 |a Obchodná fakulta EU. Katedra medzinárodného obchodu